| 000 | 00587nam a2200181 a 4500 | ||
|---|---|---|---|
| 005 | 20140310183459.0 | ||
| 008 | 100105s19uu xx 00 eng d | ||
| 020 | _a8189741292 | ||
| 050 |
_aG 155.A1 _b.G562 2006 |
||
| 245 |
_aGlobal Tourism policies, laws, and action plans : _bselect case studies and model approaches / _cedited by: P.C. Sinha. |
||
| 260 |
_aNew Delhi : _bSBS Publishers & Distributors, _c2006. |
||
| 300 |
_a269 p. : _c22 cm. |
||
| 521 | _aTOU | ||
| 650 |
_aTourism _xpolicies. |
||
| 650 |
_aTourism _xlaws, case studies. |
||
| 942 |
_cBK _2lcc _kFOR |
||
| 999 |
_c23838 _d23838 |
||